000 01973cam a22005174i 4500
003 PE-LiUPU
005 20250731173332.0
008 150625s r 000 0 d
020 _a9781589833586
035 _a(Sirsi) i9781589833586
040 _aPE-LiUPU
_bspa
_cPE-LiUPU
_erda
049 _aPRUA
082 0 4 _a226.206
_bM
_221
245 0 0 _aMatthew, James, and didache :
_bthree related documents in their jewish and christian settings /
_cHuub van de Sandt y Jürgen K. Zangenberg.
264 1 _aAtlanta, Georgia :
_bSociety of Biblical Literature,
_c2008.
300 _a475 páginas ;
_c23 centímetros
336 _atext
_2rdacontent
337 _aunmediated
_2rdamedia
338 _avolume
_2rdacarrier
490 0 _aSymposium
504 _aIncluye bibliografía.
505 0 _aMethods and Miñieus. -Conflicts and contacts. -Community and identity. -Interpreting torah. -Observing rituals.
526 _aSEG42
526 _aSEG41
526 _aSEG40
526 _aSEG39
526 _aP94
526 _aP87
526 _aP86
526 _aP85
526 _aP77
526 _aP76
526 _aP35
630 _aBiblia.
_pN.T.
_pMateo
_xCrítica, interpretación etc.
_vCongresos.
630 _aBiblia.
_pN.T.
_pSantiago
_xCrítica, interpretación etc.
_vCongresos.
650 0 4 _aDidajé
_xCrítica, interpretación etc.
_vCongresos.
700 1 _aSandt, Huub van de,
_eeditor.
700 1 _aZangenberg, Jürgen K.,
_eeditor.
910 _bjv
_cng
942 _2ddc
_cBOOK
949 _a226.206 M
_wDEWEY
_c1
_i59302
_lCCODEBUL1
_mBUL
_p23.00
_r0
_sY
_tBOOK
_u2015-6-25
_xTEOLOGIA
_PP35
_0COMPRA
_o.STAFF. Colección General
994 _aC0
_bPEPRU
596 _a1
999 _a226.206 M
_wDEWEY
_c48090
_i59302
_f2021-11-9
_g5
_lCCODEBUL1
_mBUL
_p23.00
_r0
_sY
_tBOOK
_u2015-6-25
_xTEOLOGIA
_PP35
_0COMPRA
_o.STAFF. Colección General
_d48090
980 _81
_gALBERTO SANCHEZ Responsable de Automatización